000 00497cam a22002054a 4500
005 20250605164325.0
008 250528s ||||||||||||||||||||||||d
035 _a22996
020 _a9780415121439
040 _aGR-AtMCL
_bgre
_dGR-AtMCL
_eAACR2
245 1 _aTEXTS AND PRACTICES
250 _a1
260 _bRouledge,
_c1996
300 _a294
700 1 _aCaldas-Coulthard Carmen Rosa
_91823
700 1 _aCoulthard Malcolm
_91824
942 _cBK
999 _c8037
_d8037